Η απόκρυφη ζωή του ανθρώπου

Αποθηκεύτηκε σε:
Λεπτομέρειες βιβλιογραφικής εγγραφής
Κύριος συγγραφέας: Besant, Annie Wood 1847-1933
Άλλοι συγγραφείς: Ίβου, Αιμιλία Κ., 1926- (Μεταφραστής)
Μορφή: Βιβλίο
Γλώσσα:Greek
Δημοσίευση: Αθήναι : Θεοσοφικές εκδόσεις, 1978
Θέματα:
Ετικέτες: Προσθήκη ετικέτας
Δεν υπάρχουν, Καταχωρήστε ετικέτα πρώτοι!

MARC

LEADER 00000nam a2200000 i 4500
001 1/40956
008 961023s1978 gre d
035 |l 10025326 
040 |a GR-MY-UA  |b gre  |e aacr 
041 0 |a gre 
082 0 |a 299.934  |2 (22) 
100 1 |a Besant, Annie Wood  |d 1847-1933. 
245 1 2 |a Η απόκρυφη ζωή του ανθρώπου /  |c Annie Besant ; μετάφραση Αιμιλίας Ιβου 
260 |a Αθήναι :   |b Θεοσοφικές εκδόσεις,   |c 1978 
300 |a 102 σ.;  |c 21 εκ. 
650 0 0 |a Theosophy. 
700 1 |a Ίβου, Αιμιλία Κ.,   |d 1926-  |4 trl 
852 |a INST  |b CHIOS  |e 19961023  |h 299.934 BES  |p 005200011279  |q 005200011279  |t BK  |y 0 
901 |a BIBL2-1996-3 
909 |a Χ  |b 047629 
970 |a ΒΑΣΙΛΑΚΗ  |b ΝΙΚΗ  |z 2006/09/19